| 000 | 00667nam a2200229 a 4500 | ||
|---|---|---|---|
| 999 |
_c10908 _d10908 |
||
| 001 | 10908 | ||
| 003 | BD-JhCC | ||
| 005 | 20190527132952.0 | ||
| 008 | 190527b2018 bd ||||| a||| 00| 0 eng d | ||
| 020 | _a9789845261715 | ||
| 035 | _a(BD-JhCC)10908 | ||
| 040 |
_aBD-JhCC _dBD-JhCC |
||
| 041 | _aben | ||
| 082 |
_bISL 2018 _a891.4415 |
||
| 100 | _aইসলাম, আমিনুল | ||
| 245 |
_aঅভিবাসী ভালবাসা / _cআমিনুল ইসলাম। |
||
| 260 |
_aঢাকা: _bঅনিন্দ্য প্রকাশ; _c2018. |
||
| 300 |
_a63 p. : _c22 cm. |
||
| 650 | _aBengali Poem | ||
| 942 |
_2ddc _cBK |
||